|
|
|
|
| LEADER |
00000nam0a2200000 4500 |
| 001 |
33205 |
| 005 |
20231030212240.0 |
| 035 |
|
|
|a (RuTPU)RU\TPU\book\33531
|
| 035 |
|
|
|a BOOK00000182
|
| 090 |
|
|
|a 33205
|
| 100 |
|
|
|a 20011210d1988 m y0rusy50 ca
|
| 101 |
0 |
|
|a rus
|
| 102 |
|
|
|a RU
|
| 105 |
|
|
|a y j 000zy
|
| 200 |
1 |
|
|a Химия и физика полимеров
|e учебное пособие
|f В. Н. Кулезнев, В. А. Шершнев
|
| 210 |
|
|
|a Москва
|c Высшая школа
|d 1988
|
| 215 |
|
|
|a 312 с.
|
| 451 |
|
1 |
|0 (RuTPU)RU\TPU\book\121055
|y 978-5-9532-0466-8
|t Химия и физика полимеров
|o учебник
|f В. Н. Кулезнев, В. А. Шершнев
|e 2-е изд., перераб. и доп.
|c М.
|n КолосС
|d 2007
|p 368 с.
|s Учебники и учебные пособия для студентов высших учебных заведений
|a Кулезнев, Валерий Николаевич
|
| 610 |
1 |
|
|a физика
|
| 610 |
1 |
|
|a химия
|
| 610 |
1 |
|
|a полимеры
|
| 610 |
1 |
|
|a свойства
|
| 610 |
1 |
|
|a учебные пособия
|
| 675 |
|
|
|a 678(075.8)
|v 3
|
| 700 |
|
1 |
|a Кулезнев
|b В. Н.
|g Валерий Николаевич
|
| 701 |
|
1 |
|a Шершнев
|b В. А.
|g Владимир Андреевич
|
| 801 |
|
0 |
|a RU
|b 63413507
|c 20011210
|g PSBO
|
| 801 |
|
2 |
|a RU
|b 63413507
|c 20160125
|g PSBO
|
| 900 |
|
|
|a Химия и физика высокомолекулярных соединений
|
| 942 |
|
|
|c BK
|